000 00914cam1a220024100 4500
001 qce00410643
005 20190816105443.0
008 720128s1958 it 000 0 eng u
035 _a(Sirsi) r83463
035 _a(QCAT)lss00157218
035 _a(UPRA)qce00410643
040 _dUPRA
100 1 _aMarini, Marino, 1901-
_dMarini, Marino, 1901-
_6A43366.1
245 1 0 _aMarino Marini, sculptor /
_c[by] Umbro Apollonio ; [english translation by Anna Bossi Molina].
250 _a3rd ed.
260 _aMilan :
_bEdizioni del Milione,
_c1958.
490 0 _aMonographs on modern Italian artists
_6S7119.1
500 _aFirst ed. published in 1948 with text by Raffaele Carrieri in Italian.
504 _aBibliography: p. 23-[34]; "Catalogue of works": p. 36-41.
700 1 _aApollonio, Umbro, 1911-
_dApollonio, Umbro, 1911-
_6A43367.1
949 _aNB623
_wlcc
_i-115870
_mMAIN
_tBOOK
_lON-SHELF
004 83463
999 _c89823
_d89823